[Event "World Cup U18 Girls Prel"]
[Site "Tornelo INT"]
[Date "2021.08.01"]
[Round "7"]
[White "Skaslien, Ingrid"]
[Black "Diya, Chowdhury"]
[Result "0-1"]
[WhiteElo "1950"]
[BlackElo "1698"]
[PlyCount "70"]
[EventDate "2021.08.01"]
[EventType "swiss (rapid)"]
[EventRounds "10"]
[EventCountry "NET"]
[SourceTitle "EXT 2024"]
[Source "ChessBase"]
[SourceDate "2023.10.10"]
[SourceVersion "1"]
[SourceVersionDate "2023.10.10"]
[SourceQuality "1"]

1. d4 Nf6 2. c4 e6 3. Nc3 Bb4 4. e3 c5 5. a3 Bxc3+ 6. bxc3 0-0 7. Bd3 Nc6 8. Ne2 d6 9. 0-0 e5 10. e4 cxd4 11. cxd4 exd4 12. Bg5 Bg4 13. f3 Be6 14. Rb1 Rb8 15. Qe1 h6 16. Bh4 Ne5 17. Qd1 Nxc4 18. Bxc4 Bxc4 19. f4 Qe7 20. Rb2 Rfe8 21. Qxd4 Qxe4 22. Bxf6 Bxe2 23. Qxe4 Rxe4 24. Re1 gxf6 25. Rexe2 Rxe2 26. Rxe2 Kf8 27. Rd2 Ke7 28. Kf2 b5 29. Ke3 Ke6 30. Rb2 a5 31. Kd4 b4 32. Kc4 d5+ 33. Kc5 b3 34. a4 Rb4 35. g3 d4 0-1

[Event "IND-ch U19 Girls"]
[Site "Kankarbagh"]
[Date "2017.09.06"]
[Round "6"]
[White "Priyanka, K."]
[Black "Diya, Chowdhury"]
[Result "1-0"]
[WhiteElo "2068"]
[BlackElo "1565"]
[PlyCount "69"]
[EventDate "2017.09.03"]
[EventType "swiss"]
[EventRounds "11"]
[EventCountry "IND"]
[SourceTitle "CBM 180 Extra"]
[Source "ChessBase"]
[SourceDate "2017.10.06"]
[SourceVersion "1"]
[SourceVersionDate "2017.10.06"]
[SourceQuality "1"]

1. e4 c5 2. Nf3 e6 3. d4 cxd4 4. Nxd4 a6 5. Bd3 Qc7 6. 0-0 Nc6 7. Nb3 Nf6 8. Qe2 Bd6 9. f4 e5 10. f5 Be7 11. c4 Nb4 12. Nc3 Nxd3 13. Qxd3 b6 14. Bg5 Bb7 15. Rad1 Rd8 16. Kh1 0-0 17. Rc1 d6 18. Bxf6 Bxf6 19. Nd5 Bxd5 20. cxd5 Qb7 21. Rc6 Rd7 22. Qe3 Rb8 23. Rfc1 h6 24. Qc3 Bd8 25. Qb4 Bc7 26. Nd2 b5 27. Nb3 Ra8 28. Na5 Qa7 29. R6c2 Qb6 30. Nc6 a5 31. Qd2 Qb7 32. f6 Kh7 33. Rc3 Rh8 34. Rh3 b4 35. Qg5 1-0